| Tag |
First Indicator |
Second Indicator |
Subfields |
| LEADER |
00000cam a2200000 i 4500 |
| 001 |
in00005606708 |
| 008 |
240908s2025 enka ob 001 0 eng d |
| 006 |
m o d |
| 007 |
cr cn||||||||| |
| 005 |
20241211175548.9 |
| 035 |
|
|
|a (OCoLC)on1455105657
|
| 040 |
|
|
|a YDX
|b eng
|e rda
|e pn
|c YDX
|d OCLCO
|d MMU
|d OCLCO
|d OPELS
|
| 020 |
|
|
|a 9780443291791
|q (electronic bk.)
|
| 020 |
|
|
|a 0443291799
|q (electronic bk.)
|
| 020 |
|
|
|z 9780443291784
|q (print)
|
| 020 |
|
|
|z 0443291780
|q (print)
|
| 035 |
|
|
|a (OCoLC)1455105657
|
| 060 |
|
4 |
|a SF 757.2
|b T625ic 2025eb
|
| 100 |
1 |
|
|a Tizard, Ian R.,
|e author.
|1 https://id.oclc.org/worldcat/entity/E39PCjFmxxmfKrvpqXHmtVVCpP
|
| 245 |
1 |
4 |
|a The immunology of the cat /
|c Ian R. Tizard.
|
| 264 |
|
1 |
|a London :
|b Elsevier/Academic Press,
|c [2025]
|
| 264 |
|
4 |
|c ©2025
|
| 300 |
|
|
|a 1 online resource :
|b illustrations
|
| 336 |
|
|
|a text
|b txt
|2 rdacontent
|
| 337 |
|
|
|a computer
|b c
|2 rdamedia
|
| 338 |
|
|
|a online resource
|b cr
|2 rdacarrier
|
| 504 |
|
|
|a Includes bibliographical references and index.
|
| 505 |
0 |
|
|a The evolution and domestication of the cat -- Feline ontogeny, reproduction, and lactation -- Innate immunity in cats -- Feline leukocytes and erythrocytes -- The feline sickness response -- Feline cytokines, chemokines, and interferons -- Feline antigen presenting cells : dentritic cells and macrophages -- The feline lymphoid system -- The feline major histocompatibility complex -- Feline innate lymphoid cells -- Feline humoral immunity -- Feline T-cells and cell-mediated immunity -- Immunity on feline body surfaces -- The feline microbiota and dysbiosis -- Feline vaccines -- Selected feline infectious diseases -- Immunity to selected feline parasites -- Feline anaphylaxis and allergic diseases -- Feline eosinophilic diseases -- Feline hypersensitivity diseases -- Cancer immunology and immunotherapy -- Feline inflammatory diseases -- Feline autoimmune diseases -- Feline immunodeficiency diseases -- Nutrition and the feline immune system -- Immunity in the geriatric cat.
|
| 520 |
|
|
|a The Immunology of the Cat makes available the first single-source, comprehensive review of the feline immune system, reporting on all immunologic aspects of diseases of the cat and its relatives and relating recent basic science to important clinical issues.
|
| 650 |
|
0 |
|a Cats
|x Immunology.
|
| 650 |
|
2 |
|a Cats
|x immunology.
|
| 650 |
|
2 |
|a Immune System Diseases
|x veterinary.
|
| 776 |
0 |
8 |
|i Print version:
|a Tizard, Ian R.
|t Immunology of the cat.
|d London : Elsevier/Academic Press, [2025]
|z 0443291780
|w (OCoLC)1424737772
|
| 856 |
4 |
0 |
|u http://proxy.library.tamu.edu/login?url=https://www.sciencedirect.com/science/book/9780443291784
|z Connect to the full text of this electronic book.
|t 0
|
| 994 |
|
|
|a Z0
|b TMV
|
| 948 |
|
|
|h HELD BY TMV - 135 OTHER HOLDINGS
|
| 999 |
f |
f |
|s b0b5f379-1f94-4b3c-9db9-a7408675f4e7
|i 0ff54380-6e8e-4780-9db2-025c859a0263
|t 0
|
| 952 |
f |
f |
|a Texas A&M University
|b College Station
|c Electronic Resources
|d Available Online
|t 0
|e SF 757.2 T625ic 2025eb
|h National Library of Medicine classification
|
| 998 |
f |
f |
|a SF 757.2 T625ic 2025eb
|t 0
|l Available Online
|